Statistics for Teams that have beaten Paraguay at the Fifa World Cup

Click here to take the quiz!

General Stats

  • This quiz has been taken 12 times
  • The average score is 8 of 10

Answer Stats

YearScoreTeam% Correct
20021-0Germany
100%
19587-3France
92%
19981-0France
92%
20023-1Spain
92%
20101-0Spain
92%
19502-0Italy
83%
19863-0England
75%
20061-0England
75%
20061-0Sweden
58%
19303-0USA
58%

Score Distribution

Percentile by Number Answered

Percent of People with Each Score

Your Score History

You have not taken this quiz